000 00498nam a2200217Ia 4500
003 0100
008 130303s9999 xx 000 0 und d
040 _cARRUPELIB
050 _aQB43.3.A78
100 _aBurnham, Robert
245 _aAstronomy
260 _aSan Francisco
260 _bFog City Press
260 _C2003
300 _a432p.
300 _b 23 cm
440 _aThe Definitive guide
650 _bStructuralism
700 _aDyer, Alan ; Kanipe, Jeff
942 _2lcc
_05
999 _c63162
_d63162